| 000 | 00579nam a2200193 a 4500 | ||
|---|---|---|---|
| 005 | 20240501063659.0 | ||
| 008 | 991125s1970 bar 000 0 spa u | ||
| 020 | _a8435000249 | ||
| 035 | _aUPN01000010742 | ||
| 049 | _aCG | ||
| 050 | 4 |
_aPQ2625 A70 _bC6.38a |
|
| 100 | 1 |
_aMalraux, André, _d1901-1976 |
|
| 245 | 1 | 3 |
_aLa condición humana / _cAndré Malraux ; tr. César A. Comet. |
| 260 |
_aBarcelona, Esp. : _bEDHASA, _c1970. |
||
| 300 | _a292 p. | ||
| 650 | 4 |
_aNovela francesa _98238 |
|
| 651 | 4 |
_aCHINA - _xHISTORIA - _yREPUBLICA, 1912-1949 - _vNOVELA _911872 |
|
| 905 | _aLibro | ||
| 999 |
_c10742 _d10742 |
||